Lexical and nonlexical routes : a comparison between normally achieving and poor readers (Record no. 71959)

MARC details
000 -CABECERA
campo de control de longitud fija 00620nam a2200217 a 4500
005 - FECHA Y HORA DE LA ÚLTIMA TRANSACCIÓN
campo de control 20210219153239.0
008 - ELEMENTOS DE LONGITUD FIJA--INFORMACIÓN GENERAL
campo de control de longitud fija 991125n 000 0 u
035 ## - NÚMERO DE CONTROL DEL SISTEMA
Número de control de sistema UPN01000085550
100 ## - ASIENTO PRINCIPAL--NOMBRE PERSONAL
Nombre de persona Beech, John R.
222 ## - TÍTULO CLAVE
Título clave JOURNAL OF LEARNING DISABILITIES
245 ## - MENCIÓN DE TÍTULO
Título Lexical and nonlexical routes : a comparison between normally achieving and poor readers
300 ## - DESCRIPCIÓN FÍSICA
Extensión 196-206
362 ## - FECHAS DE PUBLICACIÓN Y/O DESIGNACIÓN SECUENCIAL
Fecha de publicación y/o designación secuencial 25, No. 3, 1992
505 ## - NOTA DE CONTENIDO CON FORMATO PREESTABLECIDO
Nota de contenido con formato Septiembre 1992
653 0# - TERMINO DE INDIZACION - NO CONTROLADO
Término no controlado DESCIFRAR
653 0# - TERMINO DE INDIZACION - NO CONTROLADO
Término no controlado PROCESOS DE LECTURA
653 0# - TERMINO DE INDIZACION - NO CONTROLADO
Término no controlado READING DIFFICULTIES
700 ## - ASIENTO SECUNDARIO--NOMBRE DE PERSONAL
Nombre de persona Awaida, May
904 ## - ELEMENTOS DE DATOS D LOCAL, LDD (RLIN)
a AC
b 023361
905 ## - TIPO DE MATERIAL
Tipo de material Articulo

No items available.